Carregando...
Saiddanthika akarbamika rasatanthram
| Autor principal: | |
|---|---|
| Outros Autores: | |
| Formato: | Printed Book |
| Idioma: | Undetermined |
| Publicado em: |
Thiruvananthapuram
State institute of languages
1973
|
| Assuntos: |
| LEADER | 00556nam a2200169Ia 4500 | ||
|---|---|---|---|
| 008 | 140316s9999 xx 000 0 und d | ||
| 020 | |||
| 082 | |a 546 |b DAY/SA | ||
| 100 | |a Day M Clyde | ||
| 245 | |a Saiddanthika akarbamika rasatanthram | ||
| 260 | |a Thiruvananthapuram |b State institute of languages |c 1973 | ||
| 300 | |a 470 | ||
| 650 | |a Inorganic chemistry | ||
| 700 | |a Selbin joel | ||
| 942 | |2 ddc |c BK | ||
| 999 | |c 599 |d 599 | ||
| 952 | |0 0 |1 0 |2 ddc |4 0 |6 546_000000000000000_DAYSA |7 0 |9 696 |a KAUCLV |b KAUCLV |c GENERAL |d 2014-03-18 |o 546 DAY/SA |p 201656 |r 2014-03-18 |w 2014-03-18 |y BK | ||